|
|
|
|
| LEADER |
01807nam a2200409 i 4500 |
| 001 |
EBC4468926 |
| 003 |
MiAaPQ |
| 005 |
20200520144314.0 |
| 006 |
m o d | |
| 007 |
cr cnu|||||||| |
| 008 |
160717t20152015be a ob 000 0 fre d |
| 020 |
|
|
|z 9782806265258
|
| 020 |
|
|
|a 9782806265241
|q (electronic bk.)
|
| 035 |
|
|
|a (MiAaPQ)EBC4468926
|
| 035 |
|
|
|a (Au-PeEL)EBL4468926
|
| 035 |
|
|
|a (CaPaEBR)ebr11224092
|
| 035 |
|
|
|a (OCoLC)952246562
|
| 040 |
|
|
|a MiAaPQ
|b eng
|e rda
|e pn
|c MiAaPQ
|d MiAaPQ
|
| 050 |
|
4 |
|a HF5381
|b .C437 2015
|
| 082 |
0 |
|
|a 650.1
|2 23
|
| 100 |
1 |
|
|a Charlier, Mailys,
|e author.
|
| 245 |
1 |
0 |
|a Quelle strategie de carriere mettre en place ? :
|b Agir pour un meilleur avenir professionnel /
|c par Mailys Charlier.
|
| 264 |
|
1 |
|a Bruxelles, [Belgium] :
|b 50 Minutes,
|c 2015.
|
| 264 |
|
4 |
|c 2015
|
| 300 |
|
|
|a 1 online resource (28 pages) :
|b color illustrations.
|
| 336 |
|
|
|a text
|2 rdacontent
|
| 337 |
|
|
|a computer
|2 rdamedia
|
| 338 |
|
|
|a online resource
|2 rdacarrier
|
| 490 |
0 |
|
|a Coaching pro ;
|v Numero 51
|
| 504 |
|
|
|a Includes bibliographical references.
|
| 588 |
|
|
|a Description based on online resource; title from PDF title page (ebrary, viewed July 11, 2016).
|
| 590 |
|
|
|a Electronic reproduction. Ann Arbor, MI : ProQuest, 2016. Available via World Wide Web. Access may be limited to ProQuest affiliated libraries.
|
| 650 |
|
0 |
|a Career development.
|
| 655 |
|
4 |
|a Electronic books.
|
| 776 |
0 |
8 |
|i Print version:
|a Charlier, Mailys.
|t Quelle strategie de carriere mettre en place ? : Agir pour un meilleur avenir professionnel.
|d Bruxelles, [Belgium] : 50 Minutes, c2015
|h approximately 28 pages
|k Coaching pro ; Numero 51
|z 9782806265258
|
| 797 |
2 |
|
|a ProQuest (Firm)
|
| 856 |
4 |
0 |
|u https://ebookcentral.proquest.com/lib/matrademy/detail.action?docID=4468926
|z Click to View
|